| 000 | 00531pab a2200193 454500 | ||
|---|---|---|---|
| 008 | 180718b2007 xxu||||| |||| 00| 0 eng d | ||
| 100 | _aMajumdar, Manatri | ||
| 245 | _aFace-to-face taxation in West Bengal; compulsion, compliance or collusion? | ||
| 260 | _c2007 | ||
| 300 | _ap.4166-173. | ||
| 362 | _a13 Oct | ||
| 650 | _aTaxation - India - West Bengal | ||
| 650 | _aTaxation | ||
| 700 | _aGhosh, Sreemoyee | ||
| 700 | _aBanerjee, Indrashis | ||
| 773 | _aEconomic and Political Weekly | ||
| 908 | _aN | ||
| 909 | _a75987 | ||
| 999 |
_c75987 _d75987 |
||